000 00814nam a2200229Ia 4500
999 _c29236
_d29236
003 OSt
005 20210113121013.0
008 160316s2011 xxu||||| |||| 00| 0 eng d
020 _a9781405755931
040 _c.
082 _a346.078 DAV
_bDAV
100 _aDavis Glen
245 _aInsolvency law handbook
250 _a13th
260 _aLondon
_bLexis Nexis
_c2011
300 _a2937p
365 _bRs. 9,026
505 _aCONTENTS; PART 1- INSOLVENCY LEGISLATION; PART 2 – EU AND INTERNATINAL MATERIALS; PART 3 – COMPANY DIRECTORS DISQUALIFICATION ACT 1986; PART 4 – BANKRUPTCY ACT(SCOTLAND0) ACT 1985; PART 5 – INSOLVENCY STATUTORY INSTRUMENTS; PART 6 – MISCELLANEOUS; INDEX
650 _a1. Corporate Insolvence Law - Handbook
700 _aHaywood Marcus
_a
942 _2ddc
_cBK